000 01551cam a22001934a 4500
005 20250605163524.0
008 250528s ||||||||||||||||||||||||d
035 _a21014
020 _a9789609383929
040 _aGR-AtMCL
_bgre
_dGR-AtMCL
_eAACR2
245 1 _aΕλλάδα, Διεθνές Κέντρο Εκπαίδευσης
260 _bΕκπαιδευτικός Όμιλος Ξυνή,
_c2016
300 _a264
520 _aΗ Ελλάδα, ως κοιτίδα του Δυτικού Πολιτισμού και ως Ευρωπαική Χώρα στο σταυροδρόμι τριων ηπείρων, που είναι μάλιστα προικισμένη με την οικουμενική διάσταση που διαχρονικά της προσδίδει ο Απόδημος Ελληνισμός, έχει τεράστιες δυνατότητες να αναβαθμιστεί στο άμεσο μέλλον σε Διεθνές Κέντρο Εκπαίδευσης. Προίμιο, Πρόλογος, Εισαγωγή, Παγκόσμια Δυναμική της Διεθνούς Εκπαίδευσης, Βέλτιστη Πολιτική Εκπαιδευτικής Εξωστρέφειας, Εφηρμοσμένη Μικροοικονομική Θεωρία Διεθνούς Εκπαίδευσης, Αρχεία Στατιστικής Τεκμηρίωσης, Εκπαιδευτική Παλιγενεσία (αντί επιλόγου).
700 1 _aΞυνής Σοφοκλής
942 _cBK
999 _c6090
_d6090